000 00663nam a2200193 i 4500
001 35854
003 ES-MaACL
005 20230906155229.0
007 t|
008 030214s1907 fr ||||1| fre d
100 1 _aBrocq, Louis.
_931847
245 1 0 _aTraité élémentaire de dermatologie pratique comprenant les syphilides cutanées /
_cpar Louis Brocq.
260 _aParis :
_bOctave Doin,
_c1907.
300 _a2 v. (II, 892-861 p.) :
_bil. ;
_c28 cm.
505 8 _aContiene: T. I: Generalités et entités morbides oraires. -- T: II: Reactions cutanées
650 0 4 _aDermatología.
_911784
650 0 4 _aSífilis.
_917092
852 _aES-MaACL
_jA-419-20
999 _c35854
_d35854